Antonio Linage Conde (Record no. 186518)

MARC details
000 -LEADER
campo de control de longitud fija 01042nam a2200241 i 4500
001 - NÚMERO DE CONTROL
campo de control 186518
003 - IDENTIFICADOR DE NÚMERO DE CONTROL
campo de control SpMaBN
005 - FECHA Y HORA DE LA ÚLTIMA TRANSACCIÓN
campo de control 20230906222703.0
008 - DATOS DE LONGITUD FIJA--INFORMACIÓN GENERAL
campo de control de longitud fija 161121s2001 sp co |||| |bspa d
020 ## - NÚMERO INTERNACIONAL ESTÁNDAR DEL LIBRO
Número Internacional Estándar del Libro 84-89014-08-6
080 ## - NÚMERO DE LA CLASIFICACIÓN DECIMAL UNIVERSAL
Número de la Clasificación Decimal Universal 012 Linage Conde, Antonio
080 ## - NÚMERO DE LA CLASIFICACIÓN DECIMAL UNIVERSAL
Número de la Clasificación Decimal Universal 929 Linage Conde, Antonio
245 00 - MENCIÓN DEL TÍTULO
Título Antonio Linage Conde
Resto del título : biobibliografía /
Mención de responsabilidad, etc. [coord. Adela Tarifa].
250 ## - MENCION DE EDICION
Mención de edición 3ª ed.
260 ## - PUBLICACIÓN, DISTRIBUCIÓN, ETC.
Lugar de publicación, distribución, etc. Alcalá la Real (Jaén) :
Nombre del editor, distribuidor, etc. Centro de Estudios Históricos "Carmen Juan Lovera",
Fecha de publicación, distribución, etc. 2001.
300 ## - DESCRIPCIÓN FÍSICA
Extensión 139 p. :
Otras características físicas 1 retr. ;
Dimensiones 23 cm.
594 ## - Nota al título y mención de responsabilidad
Nota al título y mención de responsabilidad En anteport.: La 1ª ed. nació... dentro de los actos programados para las Segundas Jornadas de Historia en la Abadía, celebradas en Alcalá la Real del 12 al 15 de noviembre de 1998.
600 17 - PUNTO DE ACCESO ADICIONAL DE MATERIA--NOMBRE DE PERSONA
Nombre de persona Linage Conde, Antonio-
Subdivisión de forma Biobibliografías.
9 (RLIN) 161344
700 1# - ENTRADA AGREGADA--NOMBRE PERSONAL
Nombre de persona Tarifa Fernández, Adela.
9 (RLIN) 161345
700 1# - ENTRADA AGREGADA--NOMBRE PERSONAL
Nombre de persona Linage Conde, Antonio.
9 (RLIN) 72322
710 2# - ENTRADA AGREGADA--NOMBRE DE ENTIDAD CORPORATIVA
Nombre de entidad corporativa o nombre de jurisdicción como elemento de entrada Centro de Estudios Históricos "Carmen Juan Lovera" (Alcalá la Real)
9 (RLIN) 2641
852 ## - LOCALIZACIÓN
Ubicación ES-MaACL
Número de control de estantería L-30862
Holdings
Estatus retirado Estado de pérdida Estado de daño No para préstamo Biblioteca de origen Biblioteca actual Ubicación en estantería Fecha de adquisición Fuente de adquisición Total de préstamos Signatura topográfica completa Código de barras Visto por última vez Precio de reemplazo Tipo de ítem Koha
        Biblioteca del Ateneo de Madrid Biblioteca del Ateneo de Madrid Depósito 2 21/11/2016     L-30862 1196684 23/02/2023 23/02/2023 Libro impreso